[Event "GER-chT Lands U21"]
[Site "Xanten"]
[Date "2011.11.01"]
[Round "4.2"]
[White "Jacobsen, Henrik"]
[Black "Haag, Gregor"]
[Result "1/2-1/2"]
[WhiteElo "1935"]
[BlackElo "2190"]
[PlyCount "41"]
[EventDate "2011.10.31"]
[EventType "team-swiss"]
[EventRounds "7"]
[EventCountry "GER"]
[SourceTitle "EXT 2022"]
[Source "ChessBase"]
[SourceDate "2021.10.06"]
[SourceVersion "1"]
[SourceVersionDate "2021.10.06"]
[SourceQuality "1"]
[WhiteTeam "Schleswig Holstein/NDS U21"]
[BlackTeam "Baden U21"]
[WhiteTeamCountry "GER"]
[BlackTeamCountry "GER"]

1. d4 d5 2. Nf3 e6 3. Bf4 c5 4. c3 Nc6 5. e3 Nf6 6. Nbd2 Be7 7. h3 0-0 8. Bd3 b6 9. Rb1 Bb7 10. 0-0 Bd6 11. Ne5 Qc7 12. Ndf3 h6 13. Nxc6 Bxc6 14. Bxd6 Qxd6 15. Ne5 Rac8 16. f4 Nd7 17. Qh5 f6 18. Qg6 f5 19. g4 Rf6 20. Qh5 Qf8 21. Rf3 1/2-1/2

[Event "Muensterland op 27th"]
[Site "Senden"]
[Date "2009.10.16"]
[Round "8"]
[White "Jacobsen, Henrik"]
[Black "Haselhorst, Helmut"]
[Result "0-1"]
[WhiteElo "1968"]
[BlackElo "2178"]
[PlyCount "72"]
[EventDate "2009.10.10"]
[EventType "swiss"]
[EventRounds "9"]
[EventCountry "GER"]
[SourceTitle "CBM 132 Extra"]
[Source "ChessBase"]
[SourceDate "2009.11.03"]
[SourceVersion "1"]
[SourceVersionDate "2009.11.03"]
[SourceQuality "1"]

1. d4 Nf6 2. Nf3 d6 3. Bf4 g6 4. h3 Bg7 5. e3 0-0 6. Bc4 Nc6 7. c3 Nd7 8. Nbd2 e5 9. Bh2 Kh8 10. Qc2 Qe7 11. 0-0-0 a6 12. h4 Nf6 13. Ng5 b5 14. Be2 exd4 15. Bf3 dxe3 16. Bxc6 exd2+ 17. Rxd2 Rb8 18. Re2 Qd8 19. h5 Bd7 20. Bf3 Nxh5 21. Ne4 Nf6 22. Bf4 Nxe4 23. Bxe4 Kg8 24. Qd2 Re8 25. Bh6 Bh8 26. Bg5 Bf6 27. f4 Bxg5 28. fxg5 Re5 29. g4 Bxg4 30. Reh2 Bh5 31. Rxh5 gxh5 32. Bxh7+ Kxh7 33. Rxh5+ Kg7 34. Qf4 Qe7 35. Qh4 Re1+ 36. Kc2 Qe4+ 0-1

[Event "Schleswig Holstein-ch VM 64th"]
[Site "Altenholz"]
[Date "2009.04.05"]
[Round "2"]
[White "Jacobsen, Henrik"]
[Black "Haffner, Alexander"]
[Result "1/2-1/2"]
[WhiteElo "1886"]
[BlackElo "2176"]
[PlyCount "79"]
[EventDate "2009.04.04"]
[EventType "swiss"]
[EventRounds "9"]
[EventCountry "GER"]
[SourceTitle "CBM 129 Extra"]
[Source "ChessBase"]
[SourceDate "2009.05.05"]
[SourceVersion "2"]
[SourceVersionDate "2009.05.20"]
[SourceQuality "1"]

1. d4 Nf6 2. Nf3 d5 3. Bf4 g6 4. h3 Bg7 5. e3 0-0 6. Nbd2 c5 7. c3 Nbd7 8. Bd3 b6 9. 0-0 Bb7 10. Re1 Rc8 11. a4 a5 12. Rc1 c4 13. Bf1 h6 14. b3 cxb3 15. Qxb3 Ne4 16. c4 dxc4 17. Bxc4 Nxd2 18. Nxd2 e5 19. dxe5 Nxe5 20. Red1 Qf6 21. Bd5 Bxd5 22. Qxd5 Rxc1 23. Rxc1 Rd8 24. Qxe5 Qxe5 25. Bxe5 Bxe5 26. Nf3 Bd6 27. Kf1 Bc5 28. Ke2 Kf8 29. Ne5 Rd5 30. Nd3 Be7 31. Rc6 Rd6 32. Ne5 Rxc6 33. Nxc6 Bd6 34. Kd3 Ke8 35. Ke4 Kd7 36. Nd4 h5 37. Kd5 Bc5 38. Nb3 Be7 39. Nd4 Bc5 40. Nb3 1/2-1/2

[Event "Cesky Krumlov op 2nd"]
[Site "Cesky Krumlov"]
[Date "2008.10.11"]
[Round "1"]
[White "Jacobsen, Henrik"]
[Black "Bartos, Jan"]
[Result "1/2-1/2"]
[WhiteElo "1856"]
[BlackElo "2203"]
[PlyCount "90"]
[EventDate "2008.10.11"]
[EventType "swiss"]
[EventRounds "9"]
[EventCountry "CZE"]
[SourceTitle "CBM 126 Extra"]
[Source "ChessBase"]
[SourceDate "2008.11.05"]
[SourceVersion "1"]
[SourceVersionDate "2008.11.05"]
[SourceQuality "1"]

1. d4 f5 2. Nc3 Nf6 3. Bg5 e6 4. e4 fxe4 5. Nxe4 Be7 6. Bxf6 Bxf6 7. c3 0-0 8. Bd3 Nc6 9. Nf3 e5 10. dxe5 Nxe5 11. Nxe5 Bxe5 12. Qh5 Qe8 13. Qxe8 Rxe8 14. 0-0-0 d5 15. Nd2 Bg4 16. f3 Bh5 17. c4 Bf7 18. cxd5 Bxd5 19. Nc4 Bf4+ 20. Kc2 Rad8 21. b3 Re6 22. Rhe1 Rxe1 23. Rxe1 Bxh2 24. Bxh7+ Kxh7 25. Rh1 Re8 26. Rxh2+ Kg6 27. Kd2 Re6 28. Rh4 Ra6 29. a4 c6 30. Kc3 b5 31. axb5 cxb5 32. Ne3 Be6 33. Kb4 Rd6 34. Re4 Kf7 35. Kc5 Rd2 36. b4 a6 37. Kb6 Ra2 38. Nd1 Rxg2 39. Kxa6 Bc4 40. Ne3 Rg6+ 41. Ka5 Be2 42. Nd5 Bxf3 43. Rf4+ Ke6 44. Rxf3 Kxd5 45. Rf5+ Ke6 1/2-1/2